| 000 | 00740nam a2200253 a 4500 | ||
|---|---|---|---|
| 001 | 58563 | ||
| 003 | BD-RjUL | ||
| 005 | 20211209080633.0 | ||
| 008 | 161219s1951 enk||||| |||| 001 0 eng d | ||
| 035 | _a(BD-RjUL)58687 | ||
| 040 |
_aBD-RjUL _beng _cBD-RjUL |
||
| 041 | _aeng | ||
| 082 |
_223 _a339.3 _bSCN 1951 |
||
| 100 | 1 | 0 |
_aSchelling,Thomas C. _9174012 |
| 245 | 0 | 0 |
_aNational income behavior : _b an introduction to algebraic analysis / _cThomas C Schelling |
| 250 | _a1st ed. | ||
| 260 |
_aNew York : _bMcGraw-Hill, _cc1951 |
||
| 300 |
_ax, 291 p. ; _c22 cm. |
||
| 490 | _aEconomics handbook series | ||
| 500 | _aIncludes index | ||
| 650 |
_aIncome. _9174013 |
||
| 830 |
_aEconomics handbook series _9174014 |
||
| 942 |
_2ddc _cBK |
||
| 999 |
_c58563 _d58563 |
||